| 000 | 00760cam a2200205 4500 | ||
|---|---|---|---|
| 001 | WB364024 | ||
| 008 | 000000n2000 000 0 eng u | ||
| 035 | _a(Sirsi) u108751 | ||
| 245 | _aCase may win greater rights for short-life tenants | ||
| 260 | _c2000 | ||
| 490 |
_aHousing Today _v(204) 5 October 2000, 6(1) |
||
| 520 | _aA recent case from the Central London County Court has held that two short-life licensees, resident since 1981, are now secure tenants. | ||
| 590 | _aWB | ||
| 650 | _aSHORT-LIFE HOUSING | ||
| 650 | _aSECURE TENANCIES | ||
| 650 | _aLICENCES | ||
| 650 | _aWEST HAMPSTEAD HOUSING ASSOCIATION V WILSON AND JENSON | ||
| 690 | _aPROPERTY-RESIDENTIAL PROPERTY-RESIDENTIAL LANDLORD AND TENANT-RESIDENTIAL TENANCIES | ||
| 942 | _n0 | ||
| 999 |
_c64924 _d64924 |
||